000
00301 a2200121 4500
005
20251208165336.0
020
_a
9781108415156
100
_a
Bikramjit Basu
_9
3899
245
_a
Biomaterials Science and Tissue Engineering
250
_a
1st ed
260
_b
Cambridge University Press
_c
2002
942
_c
BK
999
_c
5559
_d
5554